Silica obtained via pyrolysis of waste Green tyres: A perspective filler for rubber industry (Record no. 68698)

MARC details
000 -LEADER
fixed length control field 00528nam a2200193Ia 4500
100 ## - MAIN ENTRY--AUTHOR NAME
Personal name Ivanov M
245 #0 - TITLE STATEMENT
Title Silica obtained via pyrolysis of waste Green tyres: A perspective filler for rubber industry
260 ## - PUBLICATION, DISTRIBUTION, ETC. (IMPRINT)
Name of publisher Kautschuk Gummi Kunststoffe
Year of publication 2010
300 ## - PHYSICAL DESCRIPTION
Number of Pages 303-307
500 ## - GENERAL NOTE
General note Source Year: 2010
650 ## - SUBJECT ADDED ENTRY--TOPICAL TERM
Topical Term Pyrolysis
650 ## - SUBJECT ADDED ENTRY--TOPICAL TERM
Topical Term Recycling
650 ## - SUBJECT ADDED ENTRY--TOPICAL TERM
Topical Term Silica
650 ## - SUBJECT ADDED ENTRY--TOPICAL TERM
Topical Term Waste tyres
700 ## - ADDED ENTRY--PERSONAL NAME
Personal name Ljutzkanov L
700 ## - ADDED ENTRY--PERSONAL NAME
Personal name Mihaylov M
942 ## - ADDED ENTRY ELEMENTS (KOHA)
Koha item type Journals
Holdings
Withdrawn status Lost status Damaged status Not for loan Home library Current library Shelving location Date acquired Serial Enumeration / chronology Koha item type
      Journals RRII Library RRII Library Rubber technology 18/01/2011 Volume 63, Issue 08-Jul Journals